000 00400cam a22001337a 4500
008 180718b1978 xxu||||| |||| 00| 0 eng d
082 _aT19 D492
100 _aVenkateswara Rao, T.
245 _aDeveloping enterpreneurship: a handbook
_cedited by T. Venkateswara Rao, Udai Parkeed
260 _aDelhi
_bLearning Systems
_c1978
300 _a372p.
650 _aEnterpreneur
700 _aParkeed, Udai,
999 _c344078
_d344078